Star Wars Films Main Settings - Statistics

General Stats
  • This quiz has been taken 42 times
  • The average score is 5 of 7
Answer Stats
Hint Answer % Correct
The Phantom Menace Naboo
97%
Return of the jedi Endor
83%
A new hope Tatooine
80%
Attack of the clones Geonosis
60%
The Force awakens Jakku
57%
Revenge of the sith Coruscant
54%
The empire strikes back Bespin
40%
No matching quizzes found
Score Distribution
Percent of People with Each Score
Percentile by Number Answered
Your Score History
You have not taken this quiz